| 000 | 00691nam a22002057a 4500 | ||
|---|---|---|---|
| 003 | OSt | ||
| 005 | 20230824103605.0 | ||
| 008 | 221006b |||||||| |||| 00| 0 eng d | ||
| 040 | _cBiblioteca Lado V | ||
| 082 |
_a708 _bV335z |
||
| 100 |
_9969 _aVasquez, Jules _eautor |
||
| 245 |
_aZinc Lion/ _bThe art of Michael Gordon/ |
||
| 260 |
_bBelize _aMuseum of Belize _c2002 |
||
| 300 |
_c21x27.5cm _a25p. |
||
| 650 |
_2Tesauro de Arte & Arquitectura _aARTE |
||
| 650 |
_2Tesauro de Arte & Arquitectura _aARTE BELIZE _9702 |
||
| 650 |
_2Tesauro de Arte & Arquitectura _aPINTURA _9703 |
||
| 650 |
_2Tesauro de Arte & Arquitectura _aESCULTURA |
||
| 942 |
_2ddc _c1 _h708 _iV335z _n0 |
||
| 999 |
_c4212 _d4212 |
||